000 01421nam a22002657a 4500
005 2012071005195.0
010 _aB-462644-648
020 _a9788171677382
_c95.00
035 _aB-462644-648
037 _adpl
_bK.K.PUB/VEN
082 _aN
100 _aTagore, Rabindranath.
_950240
245 _aTwo Sisters
_cby Rabindranath Tagore
260 _aNew Delhi
_bRupa.Co
_c2007
270 _a7/16, Ansari Road, Daryaganj
_bNew Delhi
300 _a104pg.
_c18cm.
490 _aRabindra Rachanavali
_950241
942 _2ddc
_cEN
_hN
_mTAG
999 _c68386
_d68386